000 01246nam a2200253 a 4500
001 000026613
005 20250204073952.0
008 110324s1998 dr 000 0 spa d
040 _aDO-SdBNP
_bspa
_cBNPHU
082 _a302.1
_bJ62r
100 1 _aJoaquín, Venecia
_953722
245 1 0 _aReflejos de nuestra sociedad /
_cVenecia Joaquín ; prólogo Mariano Lebrón Saviñón.
260 _aSanto Domingo :
_bCollado,
_c1998.
300 _a205 p. :
_b21 cm.
500 _aIncluye datos biográficos de la autora en la contracubierta.
505 2 _t¿Por qué no somos suizos? --
_tLa escoba en medio del charco --
_tLa mafia vestida de abogados --
_t¿Qué pasó, amiga querida? --
_tLa madre es un pararrayo --
_tYo fui pitcher de guagua --
_tLos mocanos lloran la caída de un árbol --
_tBajo los senos de una mujer.
590 _aInventariado, 2018/VM
651 4 _aRepública Dominicana
_xCondiciones Sociales
_xEnsayos, Conferencias, Etc.
_91166
650 4 _aDiarios dominicanos
_xSecciones, columnas, etc.
_944
700 1 _aLebrón Saviñon, Mariano
_d1922-2014
_epról.
_97227
730 0 _aListín Diario (República Dominicana)
_91199
730 0 _aÚltima hora (República Dominicana)
_920930
910 _aValidado. Control de calidad EMS
999 _c26105
_d26105